India: a study in futurism (Record no. 345391)

000 -LEADER
fixed length control field 00343cam a22001217a 4500
008 - FIXED-LENGTH DATA ELEMENTS--GENERAL INFORMATION
fixed length control field 180718b1976 xxu||||| |||| 00| 0 eng d
082 ## - DEWEY DECIMAL CLASSIFICATION NUMBER
Classification number B19x54 G959
245 ## - TITLE STATEMENT
Title India: a study in futurism
Statement of responsibility, etc. edited by Shyam Ratna Gupta
260 ## - PUBLICATION, DISTRIBUTION, ETC.
Place of publication, distribution, etc. New Delhi
Name of publisher, distributor, etc. Abhinav
Date of publication, distribution, etc. 1976
300 ## - PHYSICAL DESCRIPTION
Extent 110p.
650 ## - SUBJECT ADDED ENTRY--TOPICAL TERM
Topical term or geographic name entry element Futurology - India.
700 ## - ADDED ENTRY--PERSONAL NAME
Personal name Gupta, Shyam Ratna
Holdings
Withdrawn status Lost status Damaged status Not for loan Permanent Location Current Location Date acquired Full call number Barcode Date last seen Price effective from Koha item type
        Indian Institute of Public Administration Indian Institute of Public Administration 1993-10-07 B19x54 G959 52012 2018-07-21 2018-07-21 Book

Powered by Koha